000 00531nam a2200181Ia 4500
008 090123s9999 xx 000 0 und d
082 _b3773
_a891.463/कानिट
100 _aकानिटकर माधव
245 _aअंतरंग
250 _a1
260 _bमेनका प्रकाशन
_c1974
300 _a118
600 _aकानिटकर माधव
630 _aअंतरंग
700 _aकानिटकर माधव
730 _aअंतरंग
942 _cBOOK
999 _c41849
_d41849